Assan Fiqa (Record no. 34195)

000 -LEADER
fixed length control field 00305nam a22001337a 4500
020 ## - INTERNATIONAL STANDARD BOOK NUMBER
International Standard Book Number 9789694230108
082 ## - DEWEY DECIMAL CLASSIFICATION NUMBER
Classification number 297
100 ## - MAIN ENTRY--PERSONAL NAME
Personal name Eslahi, Muhammad Yousaf
245 ## - TITLE STATEMENT
Title Assan Fiqa
260 ## - PUBLICATION, DISTRIBUTION, ETC.
Place of publication, distribution, etc. Lahore :
Name of publisher, distributor, etc. Islamic Publication.
Date of publication, distribution, etc. 2013.
300 ## - PHYSICAL DESCRIPTION
Extent 334 p. ;
Other physical details 21 cm.
500 ## - GENERAL NOTE
General note Paperback.
942 ## - ADDED ENTRY ELEMENTS (KOHA)
Koha item type Book
Holdings
Withdrawn status Lost status Source of classification or shelving scheme Damaged status Not for loan Permanent Location Current Location Shelving location Date acquired Total Checkouts Full call number Barcode Date last seen Date last checked out Price effective from Koha item type
          School of Mechanical & Manufacturing Engineering (SMME) School of Mechanical & Manufacturing Engineering (SMME) Book Bank 08/04/2016 1 297 SMME-BB318 01/18/2022 10/01/2021 08/04/2016 Book
© 2023 Central Library, National University of Sciences and Technology. All Rights Reserved.